XML a databáze (1)

Bibliographic Details
Main Author: Pokorný, Jaroslav, 1948- (Author)
Format: Article
Language:Slovak
Czech
PhysicalDescription:Sch.
ISSN:1335-2237
Subjects:

MARC

LEADER 00000nab a2200000 a 4500
001 vtls000745225
003 SK-MaSNL
005 20260304112815.0
008 250429c2000 xo 0 slo
015 |a SNBRB2001/01-02450 
035 |a CLN000097060 
035 |a urn:nbn:sk:snk-abbtye 
035 |a (urnnbn)urn:nbn:sk:snk:ar-000wbl 
035 |a (uuid)8bb0dec1-7d4f-42aa-a88c-d436feff35be 
040 |a SNKBUCL  |b slo  |c SNKBUCL  |e AACR2 
041 0 |a cze 
044 |a xo  |c SK 
080 |a 519.682  |2 1997 
080 |a 681.3.06  |2 1997 
100 1 |a Pokorný, Jaroslav,  |d 1948-  |4 aut  |9 97599 
245 1 0 |a XML a databáze  |n (1)  |c Jaroslav Pokorný 
300 |b Sch. 
500 |a Pokračovanie v č. 1 (2001), s. 59, č. 2, 70-71, č. 3, s. 52 a v č. 4, s. 54-55 
504 |a Bibliogr. odkazy 
650 0 7 |a hypertextové jazyky  |x bázy dát  |2 snkbucl  |9 19881 
650 0 7 |a databázy  |2 snkbucl  |9 885 
655 7 |a články z novín a časopisov  |2 snkbucl  |9 267496 
773 0 |t AT&P journal  |g Roč. 7, č. 12 (2000), s. 54-55  |x 1335-2237 
850 |a Slovenská národná knižnica 
852 |a Slovenská národná knižnica 
954 |a odborná, vedecká literatúra cudzojazyčná (svetová)  |2 lita 
958 |a article15 
958 |a NB 
958 |a OND 
958 |a EUIPO 
992 |a RBX 
999 |c 2867113  |d 2869043